| 000 | 03382nam a2200469 c 4500 | ||
|---|---|---|---|
| 003 | BLK | ||
| 005 | 20241107141943.0 | ||
| 008 | 180408b bul|||||r ||||||| ||bul|| | ||
| 010 | _aKNG00084698000 | ||
| 020 |
_a954-8454-39-4 _bиздат.: Аливго - на том(ч. 2) |
||
| 020 |
_a978-954-8454-39-1 _bиздат.: Аливго - на том(ч. 2) |
||
| 040 | _aBLK | ||
| 041 |
_aBUL _cBUL |
||
| 072 | 7 |
_2bullib _aН15 _xПсихология Н |
|
| 080 |
_aПарапсихология. Нумерология. - Халюцинации, пророчества, предсказания, магии, демонология, телепатия, спиритизъм, илюзии, нумерология, мошеничество. Вж и 133 ; 398.4 ; 615.851 _b159.961 _x(02.062) _z159.961(02.062) |
||
| 080 |
_aЗвезди и звездни системи. Вселена - Космически лъчи, междузвездно пространство, Галактика, Млечен път, космология, извънгалактически системи _b524 _x(02.062) _z524(02.062) |
||
| 080 |
_aОбща генетика. Обща цитогенетика. Имуногенетика. Учение за еволюцията. Видообразуване. Филогенез _b575 _x(02.062) _z575(02.062) |
||
| 100 | 1 |
_aВселенски, Евгений Николаевич _eпърви автор _9299528 |
|
| 700 | 1 |
_aВселенска, Любов Александровна _eсъавт. _9299529 |
|
| 700 | 1 |
_aНиколова, Светлана _eпрев. _9366308 |
|
| 139 |
_aВселенски, Евгений Николаевич и др. _bВ 88 |
||
| 245 | 1 | 0 |
_aВселенските матрици _bКосмическа генетика. ДНК на свръхспособностите, гениалността и безсмъртието : Цветето на вселенската духовна любов и мъдрост : Ч. 1 - _cЕвгений Николаевич Вселенски; съавт. Любов Александровна Вселенска; прев. Светлана Николова. _nЧ. 2 _pКосмобиоенергетиката |
| 257 | _aRUS | ||
| 260 |
_аСофия _c2004 - _fЗа том: София : Анториери |
||
| 300 | _c22 см | ||
| 380 | _a1 | ||
| 500 | _aОриг. загл. Вселенские матрицы "Цветок Вселенской Духовной Любви и Мудрости" / Е. Н. Вселенский, Л. А. Вселенская. | ||
| 650 | 4 |
_aПарапсихология - популярна литература _9269397 |
|
| 650 | 4 |
_aКосмология _9159537 |
|
| 650 | 4 |
_aГенетика - популярна литература _9299530 |
|
| 653 | _aпарапсихология | ||
| 653 | _aкосмология | ||
| 653 | _aгенетика | ||
| 659 | _aН | ||
| 760 | 1 |
_3- на том(ч. 2) _aВселенски, Евгений Николаевич _dАливго, 2006 _h281 с. : с ил. _nБиблиогр. с. 271-276. _tЧ. 2 Космобиоенергетиката |
|
| 852 | _aЦб 253691 | ||
| 856 | 4 |
_qpdf _u |
|
| 856 | 4 |
_qpdf _u |
|
| 942 |
_cKNG _n0 _012 |
||
| 944 |
_aCR _c16.11.2011 _lМартин Енчев _k30575 |
||
| 944 |
_aED _c17.02.2016 _lф / _kЛюдмила_Стоянова |
||
| 999 |
_c80214 _d80214 |
||